| 000 | 00689nam a2200229Ia 4500 | ||
|---|---|---|---|
| 001 | 10779 | ||
| 003 | GE_BSU | ||
| 008 | 181216s||||||||xx |||||||||||||| ||und|| | ||
| 040 | _cGE_BSU | ||
| 080 | _a821.353.1-311.6 | ||
| 100 | _aქვარიანი,სიმონ | ||
| 245 | _aდიდი მოურავი. | ||
| 245 | _bრომანი. | ||
| 245 | _cრედ.გ.ნატროშვილი;მხატვ.გ.ჯაფარიძე. | ||
| 260 | _aთბილისი. | ||
| 260 | _bსახელგამი. | ||
| 260 | _c1949. | ||
| 300 | _a410გვ;20სმ. | ||
| 300 | _eილ. | ||
| 653 | _aდიდი მოურავი. | ||
| 942 | _cBK | ||
| 999 |
_c44028 _d44028 |
||